000 00481nam a22001817a 4500
999 _c525906
_d525906
003 NUST
020 _qHB/K
038 _aFaiza
082 _a891.421
_bZAM
100 _aZamaan, Fakhar
_914913
245 _aZawal di Ghari /
_cFakhar Zamaan
260 _aLahore :
_bClassic,
_c2000.
300 _a157 p. ;
880 _6100-01\r
_aفخر زمان
880 _6245-02\r
_aزوال دی گھڑی /
880 _6260-03\r
_aلاہور :
_bکلاسیک,
_c۲۰۰۰.
942 _2ddc
_cBK